The princess and the pea (Record no. 9269)

MARC details
000 -LEADER
fixed length control field 01066nam a22002777a 4500
001 - CONTROL NUMBER
control field 9269
003 - CONTROL NUMBER IDENTIFIER
control field FISKH
005 - DATE AND TIME OF LATEST TRANSACTION
control field 20251208160725.0
008 - FIXED-LENGTH DATA ELEMENTS--GENERAL INFORMATION
fixed length control field 251208b cb ||||| |||| 00| 0 eng d
020 ## - INTERNATIONAL STANDARD BOOK NUMBER
International Standard Book Number 9788956353937
040 ## - CATALOGING SOURCE
Original cataloging agency FISKH
Language of cataloging eng
Transcribing agency FISKH
Modifying agency FISKH
050 ## - LIBRARY OF CONGRESS CALL NUMBER
Classification number PZ8.A54 P
082 ## - DEWEY DECIMAL CLASSIFICATION NUMBER
Classification number 398.209489
100 ## - MAIN ENTRY--PERSONAL NAME
Personal name Andersen, Hans Christian
245 ## - TITLE STATEMENT
Title The princess and the pea
Statement of responsibility, etc. Hans Christian Andersen
260 ## - PUBLICATION, DISTRIBUTION, ETC.
Place of publication, distribution, etc. Seoul :
Name of publisher, distributor, etc. Efuture,
Date of publication, distribution, etc. 2009.
300 ## - PHYSICAL DESCRIPTION
Extent 26 pages :
Other physical details color illustrations ;
Dimensions 21 cm
490 ## - SERIES STATEMENT
Series statement My first classic readers :
Volume/sequential designation Level 3-7
505 ## - FORMATTED CONTENTS NOTE
Formatted contents note J<br/>
520 ## - SUMMARY, ETC.
Summary, etc. Hans Christian Andersen's classic The Princess and the Pea is a timeless story beloved for its bold princess and a little pea that ends up causing a big problem. Featuring beautiful illustrations filled with a bright array of colors, this charming Little Golden Book makes for a perfect bedtime read.<br/>
521 8# - TARGET AUDIENCE NOTE
Target audience note 430<br/>
Source Lexile estimate<br/>
521 8# - TARGET AUDIENCE NOTE
Target audience note J<br/>
Source Raz-Plus<br/>
650 ## - SUBJECT ADDED ENTRY--TOPICAL TERM
Topical term or geographic name entry element Princess
Form subdivision Little Golden Book
942 ## - ADDED ENTRY ELEMENTS (KOHA)
Source of classification or shelving scheme Dewey Decimal Classification
Koha item type Books
Suppress in OPAC No
Holdings
Withdrawn status Lost status Source of classification or shelving scheme Damaged status Not for loan Collection Home library Current library Shelving location Date acquired Total Checkouts Full call number Barcode Date last seen Date last checked out Copy number Price effective from Koha item type
    Dewey Decimal Classification     Juvenile Fiction Footprints International School Library Network Toul Tom Poung Campus Footprints International School Library Network Toul Tom Poung Campus TTP Primary Dark Blue Bookshelves 01/05/2026 3 AND 398.209489 PZ8.A54 P FISBK072627 03/12/2026 03/05/2026 1 12/08/2025 Books